| 000 | 00000nam##2200000za#4500 |
| 001 | 9.611347 |
| 003 | CaOODSP |
| 005 | 20200327122135 |
| 007 | ta |
| 008 | 150406|1993||||xxc||||| f|0| 0 eng|d |
| 020 | |a0-660-15627-X |
| 040 | |aCaOODSP|beng |
| 043 | |an-cn--- |
| 086 | 1 |aYM32-2/352E |
| 245 | 00|aLow-level radioactive waste management / |cby Ruth Fawcett, Science and Technology Division. |
| 260 | |aOttawa - Ontario : |bLibrary of Parliament. |c1993. |
| 300 | |a11p. : |breferences ; |c28 cm. |
| 490 | 1 |aBackground papers|vBP-352E |
| 563 | |aSoftcover |
| 590 | |a94-42|b1994-10-21 |
| 690 | 07|aHazardous waste|2gcpds |
| 710 | 1 |aCanada.|bLibrary of Parliament.|bResearch Branch. |
| 720 | 1 |aFawcett, Ruth |
| 830 | #0|aBackground papers ;|vBP-352E|w(CaOODSP)9.514933 |